<?xml version="1.0" encoding="UTF-8"?>
<record
    xmlns:xsi="http://www.w3.org/2001/XMLSchema-instance"
    xsi:schemaLocation="http://www.loc.gov/MARC21/slim http://www.loc.gov/standards/marcxml/schema/MARC21slim.xsd"
    xmlns="http://www.loc.gov/MARC21/slim">

  <leader>01293na  a2200337   4500</leader>
  <controlfield tag="001">12611</controlfield>
  <controlfield tag="003">MIRAKIL</controlfield>
  <controlfield tag="005">20181213155251.0</controlfield>
  <controlfield tag="008">160824b        tu            000 0      </controlfield>
  <datafield tag="020" ind1=" " ind2=" ">
    <subfield code="a">9786053990031</subfield>
  </datafield>
  <datafield tag="035" ind1=" " ind2=" ">
    <subfield code="a">12611</subfield>
  </datafield>
  <datafield tag="040" ind1=" " ind2=" ">
    <subfield code="a">Milas</subfield>
    <subfield code="b">tur</subfield>
    <subfield code="c">TR-AnCHP</subfield>
  </datafield>
  <datafield tag="082" ind1=" " ind2=" ">
    <subfield code="a">195</subfield>
    <subfield code="b">G52 2007</subfield>
  </datafield>
  <datafield tag="090" ind1=" " ind2=" ">
    <subfield code="a">195 G52 2007</subfield>
  </datafield>
  <datafield tag="245" ind1=" " ind2=" ">
    <subfield code="a">Giambattista Vico ve yeni bilim'in temel kavramlar&#x131; /</subfield>
    <subfield code="c">derleyen Levent Y&#x131;lmaz</subfield>
  </datafield>
  <datafield tag="246" ind1=" " ind2=" ">
    <subfield code="a">Yeni bilim'in temel kavramlar&#x131;</subfield>
  </datafield>
  <datafield tag="260" ind1=" " ind2=" ">
    <subfield code="a">&#x130;stanbul</subfield>
    <subfield code="b">&#x130;stanbul Bilgi &#xDC;niversitesi Yay&#x131;nlar&#x131;</subfield>
    <subfield code="c">2007</subfield>
  </datafield>
  <datafield tag="300" ind1=" " ind2=" ">
    <subfield code="a">xx, 115 s.</subfield>
    <subfield code="c">23 sm.</subfield>
  </datafield>
  <datafield tag="490" ind1=" " ind2=" ">
    <subfield code="a">K&#xFC;lt&#xFC;rel &#x130;ncelemeler </subfield>
    <subfield code="v">1</subfield>
  </datafield>
  <datafield tag="490" ind1=" " ind2=" ">
    <subfield code="a">&#x130;stanbul Bilgi &#xDC;niversitesi yay&#x131;nlar&#x131;</subfield>
    <subfield code="v">183</subfield>
  </datafield>
  <datafield tag="500" ind1=" " ind2=" ">
    <subfield code="a">Eser, 5 Haziran 2004 tarihinde, &#x130;stanbul Bilgi &#xDC;niversitesi taraf&#x131;ndan d&#xFC;zenlenen "K&#xFC;lt&#xFC;rel &#x130;ncelemeler" semineri kapsam&#x131;nda haz&#x131;rlanm&#x131;&#x15F;t&#x131;r.</subfield>
  </datafield>
  <datafield tag="504" ind1=" " ind2=" ">
    <subfield code="a">Kaynak&#xE7;a ve dizin var.</subfield>
  </datafield>
  <datafield tag="600" ind1=" " ind2=" ">
    <subfield code="a">Vico, Giambattista</subfield>
    <subfield code="d">1668-1744</subfield>
    <subfield code="t">Yeni Bilim</subfield>
    <subfield code="x">&#x130;nceleme</subfield>
  </datafield>
  <datafield tag="650" ind1=" " ind2=" ">
    <subfield code="a">&#x130;talyan &#x15F;iiri</subfield>
  </datafield>
  <datafield tag="650" ind1=" " ind2=" ">
    <subfield code="a">&#x130;talyan felsefesi</subfield>
  </datafield>
  <datafield tag="650" ind1=" " ind2=" ">
    <subfield code="a">Zihin felsefesi</subfield>
    <subfield code="x">1800'e kadar olan &#xE7;al&#x131;&#x15F;malar</subfield>
  </datafield>
  <datafield tag="650" ind1=" " ind2=" ">
    <subfield code="a">Sosyal bilimler</subfield>
    <subfield code="x">Felsefe</subfield>
    <subfield code="y">1800'e kadar olan &#xE7;al&#x131;&#x15F;malar</subfield>
  </datafield>
  <datafield tag="650" ind1=" " ind2=" ">
    <subfield code="a">Bilim</subfield>
    <subfield code="x">Felsefe</subfield>
    <subfield code="y">1800'e kadar olan &#xE7;al&#x131;&#x15F;malar</subfield>
  </datafield>
  <datafield tag="700" ind1=" " ind2=" ">
    <subfield code="a">Y&#x131;lmaz, Levent</subfield>
    <subfield code="d">1969</subfield>
  </datafield>
  <datafield tag="942" ind1=" " ind2=" ">
    <subfield code="2">dcc</subfield>
    <subfield code="c">BKS</subfield>
  </datafield>
  <datafield tag="952" ind1=" " ind2=" ">
    <subfield code="a">0001</subfield>
    <subfield code="b">0001</subfield>
    <subfield code="d">2016-07-28</subfield>
    <subfield code="e">2</subfield>
    <subfield code="h">c.5</subfield>
    <subfield code="l">0</subfield>
    <subfield code="o">195 G52 2007</subfield>
    <subfield code="p">000157</subfield>
    <subfield code="r">2016-07-28 00:00:00</subfield>
    <subfield code="v">0.00</subfield>
    <subfield code="w">2016-07-28</subfield>
    <subfield code="y">BKS</subfield>
  </datafield>
  <datafield tag="999" ind1=" " ind2=" ">
    <subfield code="c">9591</subfield>
    <subfield code="d">9591</subfield>
  </datafield>
</record>
